000 003070000a22001450004500
003 MACL
040 _aMACL
090 _c32723
_d32721
100 _aSeth, K L
245 _aObjective Economics
260 _bBright Careers institus
350 _a450
650 _aEconomics & Land
942 _cBOOK
_k330/Set
999 _c32388
_d32388